| 000 | 01203nam a22001577a 4500 | ||
|---|---|---|---|
| 999 |
_c518651 _d518651 |
||
| 008 | 211005b ||||| |||| 00| 0 eng d | ||
| 100 |
_aPratap, Kumar V. _929710 |
||
| 245 | _aAre we creating outcomes similar to power sector by proliferating metro rail across cities in India? | ||
| 260 | _aVikalpa: The Journal for Decision Makers | ||
| 300 | _a46(1), Jan-Mar, 2021: p.7-12 | ||
| 520 | _aMetro rails mitigate problems of pollution and congestion in crowded Indian cities and are therefore a priority of the government. However, they are also very expensive to build and operate, making their operations loss-making. With increasing proliferation of metro rails and their continuous losses, there would be a need for repeated bailout packages for the metro rail sector in India, similar to the case of the power sector. There are a number of measures that can be taken to mitigate this outcome as apparent from the example of Hong Kong Metro. – Reproduced | ||
| 650 |
_aInfrastructure, Indian infrastructure, Metro rail, Cost recovery in infrastructure, Value capture finance _927909 |
||
| 773 | _aVikalpa: The Journal for Decision Makers | ||
| 906 | _aINFRASTRUCTURE - INDIA | ||
| 942 | _cAR | ||